A Formula-1 Magyar Nagydij, mint nagyrendezvény hatása Budapest turizmusára

Bibliográfiai részletek
Szerző: Csúcs Viktor Zsombor
További közreműködők: Remenyik Dr. Bulcsú
Dokumentumtípus: Diplomadolgozat
Kulcsszavak:Formula 1
Turizmus
Szálloda
Budapest
Magyar nagydíj
Online Access:http://dolgozattar.uni-bge.hu/13014

MARC

LEADER 00000nta a2200000 i 4500
001 dolg13014
005 20180210123600.0
008 171128suuuu hu om 000 hun d
040 |a BGE Dolgozattár Repozitórium  |b hun 
041 |a hu 
100 1 |a Csúcs Viktor Zsombor 
245 1 2 |a A Formula-1 Magyar Nagydij, mint nagyrendezvény hatása Budapest turizmusára  |c Csúcs Viktor Zsombor  |h [elektronikus dokumentum] 
246 1 1 |a A Formula-1 Magyar Nagydij, mint nagyrendezvény hatása Budapest turizmusára 
695 |a Formula 1 
695 |a Turizmus 
695 |a Szálloda 
695 |a Budapest 
695 |a Magyar nagydíj 
700 1 |a Remenyik Dr. Bulcsú  |e ths 
856 4 0 |u http://dolgozattar.uni-bge.hu/13014/1/Cs%C3%BAcs%20Viktor%20Zsombor%20Szakdolgozat.pdf  |z Dokumentum-elérés